000 01146nam a2200253Ia 4500
001 227.4-Gal AMI fr (24)
003 IT-MiSPE
008 171229s9999||||xx |||||||||||||| ||und||
040 _aIT-MiSPE
_cIT-MiSPE
041 _aITALIANO
100 _aFrançois Amiot
240 _aEpître aux Galates; Epîtres aux Thessaloniciens
245 0 _aEpistola ai Galati; Epistole ai Tessalonicesi
250 _a1a ed. (v)
260 _aRoma
_bStudium
_c(st.) 1964
300 _a382 p.
_c18 cm
490 _aVerbum salutis
501 _aEdizioni San Paolo srl - Piazza Soncino, 5 - 20092 CINISELLO BALSAMO (MI) (non commercial uses only) ® Copyright 2018
650 _aBIBBIA. NT. Lettera ai Galati BIBBIA. NT. Lettere ai Tessalonicesi
700 _aUmberto Massi
_g(traduzione)
942 _cBK
957 _71
999 _a8229
_bNO
_g Copie: 1
_c339384
_d339384